000 00492nam a2200181Ia 4500
008 240925s9999 xx 000 0 und d
020 _a8120315634
082 _a005.73 DWI
100 _aDwight, Jeffry
245 0 _aUsing CGI: special edition
250 _a2nd
260 _aNew Delhi:
_bThomson Learning
_c,1997.
300 _axxvi,788p.
_bNA
_fPirated
500 _aIncludes Index
600 _aComputer Science
650 _aComputer science, information & general works
942 _cBK
999 _c6234
_d6234